| 000 | 00816cam a22001934a 4500 | ||
|---|---|---|---|
| 005 | 20250605164131.0 | ||
| 008 | 250528s ||||||||||||||||||||||||d | ||
| 035 | _a18652 | ||
| 020 | _a415045983 | ||
| 040 |
_aGR-AtMCL _bgre _dGR-AtMCL _eAACR2 |
||
| 245 | 1 | _aWatching Dallas / Soap Opera and the Melodramatic Imagination | |
| 260 |
_bRouledge, _c1985 |
||
| 300 | _a152 | ||
| 520 | _aThis book introduces the reader to insights from recent film and television studies, and draws on theories of culture and ideology in a concrete and accessible way. Preface, Introduction, Dallas Between Reality and Fiction, Dallas and the Melodramatic imagination, Dalla and the Ideology of Mass Culture, Dallas and Feminism, Notes, Index. | ||
| 700 | 1 |
_aAng Ien _94916 |
|
| 942 | _cBK | ||
| 999 |
_c3997 _d3997 |
||